[Event "Tradewise Hastings Masters 15-16"]
[Site "Hastings, England"]
[Date "2015.12.30"]
[Round "3.27"]
[White "Young, Mel J"]
[Black "Byron, Alan M"]
[Result "0-1"]
[WhiteElo "1901"]
[BlackElo "2175"]
[PlyCount "80"]
[EventDate "2015.??.??"]

1. e4 c5 2. d4 cxd4 3. c3 dxc3 4. Nxc3 Nc6 5. Nf3 d6 6. Bc4 a6 7. O-O Nf6 8.
Bf4 Bg4 9. h3 Bxf3 10. Qxf3 e6 11. Rfd1 Qb8 12. Be2 Ne5 13. Bxe5 dxe5 14. Qg3
g6 15. Rac1 Be7 16. Qe3 b5 17. Rc2 O-O 18. a4 b4 19. Nb1 Qb7 20. b3 Rfc8 21.
Rdc1 Rxc2 22. Rxc2 Rc8 23. Rxc8+ Qxc8 24. Bc4 a5 25. Nd2 Kg7 26. Nf3 Qc7 27.
Ne1 Bc5 28. Qe2 Qc6 29. Bd3 Bd4 30. Qc2 Qb6 31. Kf1 Nd7 32. Bc4 Nc5 33. Nf3 Bc3
34. Ne1 Qc6 35. f3 Nxa4 36. Bxe6 Qxe6 37. bxa4 Qc4+ 38. Kg1 Bd4+ 39. Kh2 Qxc2
40. Nxc2 Bb2 0-1

[Event "Tradewise Hastings Masters 15-16"]
[Site "Hastings, England"]
[Date "2015.12.30"]
[Round "3.28"]
[White "Eggleston, Thomas A"]
[Black "Spanton, Tim R"]
[Result "1-0"]
[WhiteElo "2159"]
[BlackElo "1936"]
[PlyCount "95"]
[EventDate "2015.??.??"]

1. e4 e6 2. d4 d5 3. exd5 exd5 4. c4 Nc6 5. Nc3 Bb4 6. a3 Bxc3+ 7. bxc3 Nge7 8.
Bd2 O-O 9. cxd5 Qxd5 10. Nf3 Re8 11. Be2 Na5 12. O-O Nc4 13. Bf4 c6 14. Ne5
Nxe5 15. Bxe5 Ng6 16. Bg3 Bf5 17. c4 Qe4 18. Bf3 Qd3 19. d5 Ne5 20. Bxe5 Rxe5
21. dxc6 bxc6 22. Bxc6 Rc8 23. Bd5 g6 24. Qa4 Qd4 25. Rad1 Qb6 26. Rfe1 Rxe1+
27. Rxe1 Qc7 28. Re8+ Rxe8 29. Qxe8+ Kg7 30. h3 h5 31. Qe3 Qd7 32. Qe5+ Kh7 33.
c5 f6 34. Qd6 Qxd6 35. cxd6 Bd7 36. f4 Kg7 37. Kf2 Kf8 38. Ke3 Ke8 39. Kd4 h4
40. Be4 Kf7 41. Kd5 f5 42. Bf3 Kf6 43. Kc5 Ke6 44. Bd5+ Kf6 45. Bc6 Be6 46. Ba4
Kf7 47. Kc6 Ke8 48. Kc7+ 1-0

[Event "Tradewise Hastings Masters 15-16"]
[Site "Hastings, England"]
[Date "2015.12.30"]
[Round "3.29"]
[White "Tarhon, Brian"]
[Black "Wilson, Matthew R"]
[Result "1-0"]
[WhiteElo "2139"]
[BlackElo "1877"]
[PlyCount "55"]
[EventDate "2015.??.??"]

1. e4 c5 2. Nf3 e6 3. d4 cxd4 4. Nxd4 a6 5. c4 d6 6. Nc3 b6 7. Be3 Bb7 8. Be2
Nf6 9. f3 Nbd7 10. O-O Be7 11. b4 Qc7 12. a3 Rc8 13. Rc1 O-O 14. Qe1 Qb8 15.
Nb3 d5 16. cxd5 exd5 17. Nxd5 Nxd5 18. exd5 Bd6 19. Qh4 Ne5 20. f4 Ng6 21. Qf2
Bxd5 22. Rxc8 Qxc8 23. Rd1 Bxb3 24. Rxd6 b5 25. f5 Ne5 26. f6 g6 27. Qf4 Qc3
28. Qh6 1-0

[Event "Tradewise Hastings Masters 15-16"]
[Site "Hastings, England"]
[Date "2015.12.30"]
[Round "3.30"]
[White "Borland, Scott"]
[Black "Helbig, Paul D"]
[Result "1/2-1/2"]
[WhiteElo "1651"]
[BlackElo "2122"]
[PlyCount "49"]
[EventDate "2015.??.??"]

1. d4 Nf6 2. Bg5 c5 3. Bxf6 gxf6 4. d5 Qb6 5. Qc1 Bh6 6. e3 f5 7. g3 Bg7 8. c3
Qd6 9. Bg2 b5 10. Qc2 Bb7 11. Na3 a6 12. Rd1 Qf6 13. Ne2 h5 14. h4 e5 15. Bh3
e4 16. Nf4 d6 17. Qe2 Bh6 18. Nxb5 axb5 19. Qxb5+ Nd7 20. Qxb7 Rb8 21. Qc6 Bxf4
22. exf4 Rxb2 23. O-O Ke7 24. Ra1 Rhb8 25. a4 1/2-1/2

[Event "Tradewise Hastings Masters 15-16"]
[Site "Hastings, England"]
[Date "2015.12.30"]
[Round "3.31"]
[White "Rayner, Francis"]
[Black "Gibbs, Daniel C"]
[Result "1/2-1/2"]
[WhiteElo "2106"]
[BlackElo "1796"]
[PlyCount "40"]
[EventDate "2015.??.??"]

1. e4 d5 2. exd5 Qxd5 3. Nc3 Qd8 4. d4 Nf6 5. Bc4 a6 6. Nf3 b5 7. Bb3 c5 8.
dxc5 Qxd1+ 9. Kxd1 e6 10. Be3 Nc6 11. h3 Bb7 12. Ke2 Rc8 13. a4 b4 14. Nb5 Ne4
15. Rhd1 Nxc5 16. Nd6+ Bxd6 17. Rxd6 Nxb3 18. cxb3 O-O 19. Rd7 Na5 20. Rad1 Bd5
1/2-1/2

[Event "Tradewise Hastings Masters 15-16"]
[Site "Hastings, England"]
[Date "2015.12.30"]
[Round "3.32"]
[White "Lochte, Thomas"]
[Black "Ripari, Marcelo"]
[Result "1/2-1/2"]
[WhiteElo "2082"]
[BlackElo "2310"]
[PlyCount "123"]
[EventDate "2015.??.??"]

1. e4 e6 2. d4 d5 3. Nd2 c5 4. Ngf3 Nc6 5. exd5 exd5 6. dxc5 Bxc5 7. Nb3 Bd6 8.
Bg5 Nge7 9. c3 O-O 10. Be2 f6 11. Bh4 Be6 12. Nfd4 Bf7 13. Bg3 Ne5 14. O-O g6
15. Re1 a6 16. Qc1 Re8 17. Qf4 N7c6 18. Rad1 Kg7 19. h4 Nxd4 20. Nxd4 Nc4 21.
Qg4 Re4 22. Nf5+ Kf8 23. Nxd6 Rxg4 24. Nxf7 Kxf7 25. Bxg4 Nb6 26. c4 h5 27.
Be6+ Kg7 28. c5 Nc4 29. b3 Ne5 30. Rxd5 Qa5 31. f4 Re8 32. fxe5 Rxe6 33. exf6+
Rxf6 34. Rd7+ Rf7 35. Rxf7+ Kxf7 36. Rf1+ Ke6 37. Re1+ Kf6 38. Rf1+ Ke6 39.
Re1+ Kd7 40. Rd1+ Kc6 41. Bf2 Qxa2 42. Rd6+ Kc7 43. Rb6 Qb1+ 44. Kh2 Qe4 45.
Rd6 Kc8 46. Rd4 Qe5+ 47. g3 Qf5 48. Kg2 Qc2 49. b4 Qe2 50. Rf4 Kd7 51. Kh2 Kc6
52. Kg1 Kb5 53. Kg2 Ka4 54. Rd4 Kb3 55. Rf4 Kc3 56. Kg1 Qd1+ 57. Kg2 Qd5+ 58.
Kg1 Kd3 59. Kh2 Ke2 60. Bd4 Kd3 61. Bf2 Ke2 62. Bd4 1/2-1/2

[Event "Tradewise Hastings Masters 15-16"]
[Site "Hastings, England"]
[Date "2015.12.30"]
[Round "3.33"]
[White "Brown, Thomas"]
[Black "Roberts, Paul"]
[Result "1/2-1/2"]
[WhiteElo "2066"]
[BlackElo "2197"]
[PlyCount "124"]
[EventDate "2015.??.??"]

1. d4 e6 2. c4 f5 3. g3 Nf6 4. Bg2 c6 5. Nf3 d5 6. O-O Bd6 7. Nc3 O-O 8. Rb1 a5
9. Qc2 Ne4 10. a3 Nd7 11. b4 axb4 12. axb4 Nxc3 13. Qxc3 Nf6 14. Ne5 Ne4 15.
Qc2 Qe7 16. c5 Bxe5 17. dxe5 Ng5 18. Bxg5 Qxg5 19. b5 f4 20. bxc6 bxc6 21. Rb6
Bd7 22. Qb2 h5 23. h4 Qf5 24. Kh2 g5 25. hxg5 Qxg5 26. Rb3 Kh8 27. Rf3 Ra4 28.
Bh3 Re4 29. gxf4 Rexf4 30. Rg1 Qh6 31. Qd2 Kh7 32. Qd3+ Kh8 33. Rg6 Qh7 34.
Rxf4 Rxf4 35. Qg3 Rxf2+ 36. Kg1 Rf8 37. Qg5 Qxg6 38. Qxg6 Rg8 39. Qxg8+ Kxg8
40. Kf2 Kg7 41. Kg3 Kg6 42. Kh4 Bc8 43. e3 Bd7 44. Bf1 Kf5 45. Kxh5 Kxe5 46.
Kg5 d4 47. exd4+ Kxd4 48. Kf6 e5 49. Ke7 Bg4 50. Kd6 Bf3 51. Ba6 Bd5 52. Bb7 e4
53. Bxc6 Bxc6 54. Kxc6 e3 55. Kb6 e2 56. c6 e1=Q 57. c7 Qb4+ 58. Ka7 Qc5+ 59.
Kb7 Qb5+ 60. Ka7 Qc6 61. Kb8 Qb6+ 62. Ka8 Qxc7 1/2-1/2

[Event "Tradewise Hastings Masters 15-16"]
[Site "Hastings, England"]
[Date "2015.12.30"]
[Round "3.34"]
[White "Kett, Tim"]
[Black "Waddington, Mike P"]
[Result "1-0"]
[WhiteElo "2192"]
[BlackElo "2066"]
[PlyCount "71"]
[EventDate "2015.??.??"]

1. e4 c5 2. Nf3 a6 3. c3 Nf6 4. e5 Nd5 5. d4 cxd4 6. Bc4 Nb6 7. Bb3 e6 8. cxd4
d6 9. O-O Nc6 10. Qe2 dxe5 11. dxe5 Be7 12. Nc3 Qc7 13. Re1 Nd7 14. Bf4 Nc5 15.
Bc2 Nb4 16. Bb1 Bd7 17. a3 Nc6 18. Bc2 b6 19. b4 Nb7 20. Rac1 b5 21. Ne4 Rc8
22. Qd3 h6 23. Nd6+ Bxd6 24. exd6 Qd8 25. Ne5 Qf6 26. Bg3 Nbd8 27. Nxd7 Kxd7
28. Rcd1 h5 29. h4 Rb8 30. Qe4 Rb7 31. Qe3 Re8 32. Be4 e5 33. Rc1 Qxd6 34. Rcd1
Nd4 35. Bxb7 Nxb7 36. Bxe5 1-0

[Event "Tradewise Hastings Masters 15-16"]
[Site "Hastings, England"]
[Date "2015.12.30"]
[Round "3.35"]
[White "Crocker, Philip J"]
[Black "Ruane, Brendan J"]
[Result "1-0"]
[WhiteElo "2169"]
[BlackElo "1794"]
[PlyCount "44"]
[EventDate "2015.??.??"]

1. c4 e5 2. g3 Nc6 3. Nc3 Bb4 4. Nd5 Bc5 5. Bg2 Nge7 6. e3 O-O 7. Ne2 d6 8. O-O
Bg4 9. h3 Bf5 10. d4 Bb6 11. e4 Bd7 12. Nxb6 axb6 13. d5 Nb8 14. f4 f6 15. f5
Na6 16. Nc3 Kh8 17. Be3 g6 18. g4 gxf5 19. exf5 Rg8 20. Be4 Qf8 21. Kh2 h5 22.
g5 fxg5 1-0

[Event "Tradewise Hastings Masters 15-16"]
[Site "Hastings, England"]
[Date "2015.12.30"]
[Round "3.36"]
[White "Burrows, Martin P"]
[Black "Stonehouse, Tom H"]
[Result "1-0"]
[WhiteElo "2145"]
[BlackElo "1778"]
[PlyCount "73"]
[EventDate "2015.??.??"]

1. e4 c5 2. Nf3 d6 3. d4 cxd4 4. Nxd4 Nf6 5. Nc3 a6 6. Be3 e5 7. Nb3 Be6 8. h3
d5 9. exd5 Nxd5 10. Nxd5 Qxd5 11. Qxd5 Bxd5 12. O-O-O Bc6 13. Na5 Be7 14. Nxc6
Nxc6 15. Bc4 O-O 16. Rd7 Bf6 17. Bc5 Rfd8 18. Bxf7+ Kh8 19. Rhd1 Nd4 20. Rxd8+
Rxd8 21. c3 Ne2+ 22. Kc2 Rxd1 23. Kxd1 Nf4 24. g3 Nd3 25. Be3 Nxb2+ 26. Kc2 Na4
27. Be8 b5 28. c4 Be7 29. cxb5 axb5 30. Bxb5 Nc5 31. a4 Ne6 32. Kd3 Bb4 33. Kc4
Ba5 34. Kd5 Nc7+ 35. Kxe5 Kg8 36. Kd6 Kf8 37. Bc5 1-0

[Event "Tradewise Hastings Masters 15-16"]
[Site "Hastings, England"]
[Date "2015.12.30"]
[Round "3.37"]
[White "Singh, Vishnu"]
[Black "Macrae, James S"]
[Result "1-0"]
[WhiteElo "2180"]
[BlackElo "1693"]
[PlyCount "57"]
[EventDate "2015.??.??"]

1. c4 c5 2. Nc3 e6 3. g3 Nf6 4. Bg2 d5 5. cxd5 Nxd5 6. Nxd5 exd5 7. d4 cxd4 8.
Qxd4 Be6 9. Bd2 Nc6 10. Qa4 Be7 11. Nf3 O-O 12. O-O h6 13. Rfd1 Bf5 14. Rac1
Rc8 15. Bc3 Qd6 16. Qb5 Rfd8 17. Qxb7 Rc7 18. Qb5 Be4 19. Ne5 Bxg2 20. Nxc6
Rxc6 21. Kxg2 Rc5 22. Qa4 Qc7 23. Qg4 f6 24. Qe6+ Kf8 25. Bb4 Rxc1 26. Rxc1 Qb7
27. Bxe7+ Qxe7 28. Qxe7+ Kxe7 29. Rc7+ 1-0

[Event "Tradewise Hastings Masters 15-16"]
[Site "Hastings, England"]
[Date "2015.12.30"]
[Round "3.38"]
[White "Kearsley, Raymond J"]
[Black "Norton, Craig"]
[Result "1-0"]
[WhiteElo "1723"]
[BlackElo "2146"]
[PlyCount "47"]
[EventDate "2015.??.??"]

1. e4 c5 2. Nf3 g6 3. c4 Nc6 4. d4 cxd4 5. Nxd4 Bg7 6. Be3 Nf6 7. Nc3 Ng4 8.
Qxg4 Nxd4 9. O-O-O Ne6 10. Nd5 Qa5 11. Kb1 d6 12. Qh4 f6 13. f4 Kf8 14. e5 Nc7
15. Nxe7 dxe5 16. Nxc8 Rxc8 17. fxe5 Qxe5 18. Bd4 Qa5 19. Bd3 f5 20. Bxg7+ Kxg7
21. Rhe1 Rhe8 22. Re7+ Rxe7 23. Qxe7+ Kh6 24. Bc2 1-0

[Event "Tradewise Hastings Masters 15-16"]
[Site "Hastings, England"]
[Date "2015.12.30"]
[Round "3.39"]
[White "Dean, Michael J"]
[Black "Goater, Kevin P"]
[Result "0-1"]
[WhiteElo "1562"]
[BlackElo "2141"]
[PlyCount "92"]
[EventDate "2015.??.??"]

1. e4 b6 2. Bc4 e6 3. Nf3 Bb7 4. d3 Ne7 5. O-O g6 6. Bg5 Bg7 7. Bxe7 Qxe7 8. c3
O-O 9. Nbd2 d5 10. exd5 exd5 11. Bb3 c5 12. Re1 Qd6 13. Qe2 Nc6 14. Nf1 Rad8
15. Ng3 Rd7 16. Qd1 b5 17. Bc2 b4 18. Qd2 a5 19. Ba4 Rc7 20. Bxc6 Bxc6 21. cxb4
axb4 22. d4 c4 23. Ne5 Bb5 24. Rac1 Ra8 25. a3 bxa3 26. bxa3 f6 27. Nf3 Rxa3
28. Qb2 Rb3 29. Qa2 Qa3 30. Qe2 Qd6 31. Qa2 Bd7 32. Qe2 Rb8 33. Rb1 Rxb1 34.
Rxb1 Rc8 35. Nf1 Bf5 36. Re1 Be4 37. N1d2 Bf5 38. Nh4 Bd7 39. Qe7 Qxe7 40. Rxe7
Ba4 41. Ra7 c3 42. Nhf3 cxd2 43. Nxd2 Rc1+ 44. Nf1 Bb5 45. Ra8+ Bf8 46. h3
Rxf1+ 0-1

[Event "Tradewise Hastings Masters 15-16"]
[Site "Hastings, England"]
[Date "2015.12.30"]
[Round "3.40"]
[White "Dennis, Nigel W"]
[Black "Evans, Helen I"]
[Result "0-1"]
[WhiteElo "1820"]
[BlackElo "1577"]
[PlyCount "72"]
[EventDate "2015.??.??"]

1. e4 d6 2. c4 Nf6 3. Nc3 e5 4. Nf3 Be7 5. d4 Nbd7 6. dxe5 dxe5 7. Be2 O-O 8.
O-O Re8 9. Qc2 c6 10. h3 Qc7 11. Be3 Bc5 12. Bxc5 Nxc5 13. b4 Ne6 14. Rfd1 Nf4
15. Bf1 Bd7 16. Rd2 Rad8 17. Rad1 Ng6 18. Rd6 Bc8 19. Qd2 Rxd6 20. Qxd6 Qxd6
21. Rxd6 Kf8 22. c5 Ke7 23. Bc4 h6 24. a4 Bd7 25. Nd2 Rd8 26. f3 Ne8 27. Rd3
Nf4 28. Re3 Bxh3 29. gxh3 Rxd2 30. Bf1 Nc7 31. b5 Nce6 32. Nb1 Rb2 33. Na3 f6
34. Rc3 Nd4 35. h4 Nde2+ 36. Bxe2 Nxe2+ 0-1

[Event "Tradewise Hastings Masters 15-16"]
[Site "Hastings, England"]
[Date "2015.12.30"]
[Round "3.41"]
[White "Brooke, John"]
[Black "Kane, Robert"]
[Result "0-1"]
[WhiteElo "1770"]
[BlackElo "1893"]
[PlyCount "104"]
[EventDate "2015.??.??"]

1. d4 Nf6 2. c4 c5 3. d5 e6 4. Nc3 exd5 5. cxd5 d6 6. e4 g6 7. f4 Bg7 8. e5
dxe5 9. fxe5 Nfd7 10. Nf3 O-O 11. Bb5 Nxe5 12. O-O Bg4 13. Be2 Nxf3+ 14. Bxf3
Bd4+ 15. Kh1 Bxf3 16. Qxf3 f5 17. Nb5 Be5 18. d6 Nc6 19. Qd5+ Kh8 20. Nc7 Qh4
21. g3 Bxg3 22. Qg2 Bxd6 23. Nxa8 Rxa8 24. Bg5 Qc4 25. Bf6+ Kg8 26. b3 Qe6 27.
Bc3 Qe4 28. Rf3 Ne5 29. Bxe5 Bxe5 30. Rd1 Bd4 31. Rfd3 Re8 32. Qxe4 fxe4 33.
R3d2 e3 34. Re2 Rf8 35. Kg2 a5 36. Rf1 Rxf1 37. Kxf1 b5 38. Ke1 Kf7 39. Kd1 g5
40. Kc2 Kf6 41. Kd3 Ke5 42. Re1 h5 43. Rf1 g4 44. Rf7 h4 45. Re7+ Kf5 46. Rf7+
Kg5 47. Rf8 g3 48. hxg3 hxg3 49. Rb8 Kh4 50. Rb6 e2 51. Kxe2 g2 52. Rh6+ Kg5
0-1